000 00265nam a22001097a 4500
008 231204b |||||||| |||| 00| 0 eng d
100 _aVajpeyee Bhagwati Prasad
_97292
245 _aSneh Bati aur Lai
260 _bprabhat Pub;
_c1966;
300 _a271p
942 _cBK
999 _c40449
_d40449